| 000 | 00831cad a22002295a 4500 | ||
|---|---|---|---|
| 001 | L158947 | ||
| 008 | 121219e2015 xxk 000 0 eng d | ||
| 035 | _a(Sirsi) u158947 | ||
| 041 | 0 | _aeng | |
| 100 | 1 | _aJenkins, H. | |
| 245 | 0 | 4 |
_aThe peril of two hats _h[electronic resource] |
| 260 | _c2015 | ||
| 490 |
_aRICS Property Journal _vNovember 2015, 14-15(2) |
||
| 520 | _aExplaines the risks of chartered surveyors acting as expert advisers and expert witnesses in the same case. | ||
| 650 | 2 | 4 |
_aExpert witness _96239 |
| 650 | 2 | 4 | _aJONES V KANEY |
| 651 | 4 |
_aUnited Kingdom _y |
|
| 690 |
_aDispute resolution _96236 |
||
| 710 |
_aRoyal Institution of Chartered Surveyors _94900 |
||
| 856 | 4 | 0 |
_uhttps://www.rics.org/uk/news/journals/property-journal _zView the journal free of charge at www.rics.org/journals... |
| 942 | _n0 | ||
| 999 |
_c84742 _d84742 |
||